| 000 | 00000cas 2200000za 4500 |
| 001 | 9.503860 |
| 003 | CaOODSP |
| 005 | 20260323130337 |
| 007 | cr ||||||||||| |
| 008 | 150406c20129999oncmx p o f0 b0fre| |
| 040 | |aCaOODSP|bfre |
| 043 | |an-cn--- |
| 086 | 1 |aA77-1F-PDF |
| 245 | 00|aCanada |h[ressource électronique] : |bperspectives des principales grandes cultures. |
| 260 | |a[Ottawa] : |bAgriculture et Agroalimentaire Canada, |c2012- |
| 310 | |aMensuel (irrégulier) |
| 362 | 1 |aParaît depuis : le 18 octobre 2012. |
| 500 | |aTitre de départ. |
| 500 | |aPubl. aussi en anglais sous le titre : Canada, outlook for principal field crops. |
| 515 | |aLes livr. de 2014-2017 n'ont pas été publié? |
| 550 | |aPubl. par le Groupe de l'analyse du marché, Division des céréales et oléagineux, Direction du développement et de l'analyse du secteur, Direction générale des services à l'industrie et aux marchés. |
| 691 | 07|aLégume|2gcpds |
| 691 | 07|aAnalyse de marché|2gcpds |
| 710 | 1 |aCanada. |bAgriculture et agroalimentaire Canada. |bDirection générale des céréales et des oléagineux. |
| 775 | 08|tCanada |w(CaOODSP)9.507468 |
| 780 | 00|tCanada |w(CaOODSP)9.502115 |